000
00328nam a2200157Ia 4500
008
210210b1866 xxu||||| |||| 00| 0 eng d
041
_a
eng
082
_a
822/1117
100
_a
SMILES (S)
245
_a
Self help
260
_a
_b
-
_c
1866
650
_a
Self
650
_a
help
690
_a
English Prose
906
_a
013300
999
_c
132165
_d
132165